000 00617nam a2200229Ia 4500
003 OSt
005 20221007074807.0
006 a|||||r|||| 00| 0
007 ta
008 221006b |||||||| |||| 00| 0 eng d
024 _a11,473
037 _cTextual
040 _aFLL
_cFLL
_beng
041 _2eng
_aeng
082 _aV1N, K1
100 _aPeaslee Amos J. Au.
245 0 _aInternational governmental organizations
260 _aNetherland
_bMartinus pub. Netherland
_c1961
300 _alviii,922p
_ccm.
942 _hV1N, K1
_cTEXL
_2CC
999 _c1153696
_d1153696